000 00578nam a22002177a 4500
003 MN-UlNLM
005 20260312140053.0
008 241004b mp ||||| |||| 00| 0 mon d
040 _aМонгол Улсын Үндэсний Номын Сан
041 _amon
084 _210-t
_a741
_bБ 34
_q85
100 _aБасүх Л., Ширнэн С.
245 _aДүрслэх урлаг
_bIII анги
250 _a4
264 _aУБ
_bАБЯ-ны хэвл.
_c1983
300 _a63
546 _amon
653 _aУрлаг
856 _aprintbook
942 _cBK
999 _c1145368
_d1145425